| 000 | 00480nam a2200181 i 4500 | ||
|---|---|---|---|
| 001 | bg | ||
| 100 | 1 | _aGNIADEK, Stanisław | |
| 245 | 0 |
_aStancje studenckie / _cStanisław Gniadek. |
|
| 260 |
_aWarszawa : _bPaństw. Wydaw. Nauk., _c1977. |
||
| 300 |
_as. 157 : _btab., rys. |
||
| 500 | _a[Streszcz. w jęz. ros. i ang.]. | ||
| 504 | _a[Zawiera bibliogr.]. | ||
| 040 | _cBPK | ||
| 041 | _apol | ||
| 080 | _a378.18 | ||
| 942 | _cKS | ||
| 008 | s pl f |000 0 pol | ||
| 999 |
_c26996 _d26996 |
||
| 856 |
_uhttp://koha.tu.koszalin.pl/cgi-bin/koha/opac-detail.pl?biblionumber=26996 _yKatalog online BPK |
||